[Event "Canadian op 48th U2000"]
[Site "Toronto"]
[Date "2011.07.14"]
[Round "6"]
[White "Allen, Ted"]
[Black "Yang, Bryant"]
[Result "0-1"]
[WhiteElo "1564"]
[BlackElo "1618"]
[PlyCount "44"]
[EventDate "2011.07.09"]
[EventType "swiss"]
[EventRounds "9"]
[EventCountry "CAN"]
[SourceTitle "EXT 2022"]
[Source "ChessBase"]
[SourceDate "2021.10.06"]
[SourceVersion "1"]
[SourceVersionDate "2021.10.06"]
[SourceQuality "1"]

1. e4 e5 2. Nf3 Nc6 3. Bb5 a6 4. Ba4 Nf6 5. Nc3 d6 6. d4 b5 7. Bb3 Bg4 8. dxe5 Nxe5 9. Bg5 Be7 10. h3 Nxf3+ 11. gxf3 Be6 12. Bxe6 fxe6 13. Rg1 Nd7 14. Qd2 Ne5 15. Qe3 Bxg5 16. f4 Nc4 17. Qf3 Bf6 18. Qh5+ g6 19. Qg4 Bxc3+ 20. bxc3 Qf6 21. Qf3 0-0 22. Rg4 Ne5 0-1

[Event "CAN-ch U14"]
[Site "Richmond Hill"]
[Date "2011.07.06"]
[Round "1"]
[White "Yang, Bryant"]
[Black "Wang, Richard"]
[Result "0-1"]
[WhiteElo "1594"]
[BlackElo "2346"]
[PlyCount "64"]
[EventDate "2011.07.06"]
[EventType "swiss"]
[EventRounds "7"]
[EventCountry "CAN"]
[SourceTitle "EXT 2022"]
[Source "ChessBase"]
[SourceDate "2021.10.06"]
[SourceVersion "1"]
[SourceVersionDate "2021.10.06"]
[SourceQuality "1"]

1. e4 c5 2. Nf3 d6 3. d4 cxd4 4. Nxd4 Nf6 5. Nc3 g6 6. f4 Nc6 7. Nxc6 bxc6 8. e5 Nd7 9. exd6 exd6 10. Be3 Nf6 11. Qd2 Be7 12. 0-0-0 d5 13. Rg1 0-0 14. h3 Bb4 15. Qd3 Qa5 16. Bd4 Ne4 17. Nxe4 dxe4 18. Qb3 Rb8 19. Kb1 Be6 20. c4 Rfd8 21. Be2 Bd2 22. Bc3 Qc5 23. Qc2 Bxc3 24. Qxc3 Qf2 25. Rxd8+ Rxd8 26. Qe1 Qxf4 27. Rf1 Qe3 28. Bg4 Qd3+ 29. Ka1 Bxg4 30. hxg4 e3 31. a3 e2 32. Rh1 Qxc4 0-1

[Event "CAN-ch U12"]
[Site "Windsor"]
[Date "2010.07.07"]
[Round "4"]
[White "Yang, Bryant"]
[Black "Zhang, Kevin2222"]
[Result "1-0"]
[WhiteElo "1500"]
[BlackElo "1756"]
[PlyCount "21"]
[EventDate "2010.07.06"]
[EventType "swiss"]
[EventRounds "7"]
[EventCountry "CAN"]
[SourceTitle "EXT 2012"]
[Source "ChessBase"]
[SourceDate "2011.11.24"]
[SourceVersion "1"]
[SourceVersionDate "2011.11.24"]
[SourceQuality "1"]

1. e4 e5 2. Nf3 Nc6 3. Nc3 Nf6 4. d4 Bb4 5. Nxe5 Nxe5 6. dxe5 Nxe4 7. Qg4 Nxc3 8. Qxb4 Nd5 9. Qb3 Nb6 10. Qg3 g6 11. Bg5 1-0

[Event "CAN-ch U12"]
[Site "Windsor"]
[Date "2010.07.06"]
[Round "1"]
[White "Yang, Bryant"]
[Black "Wang, Richard"]
[Result "0-1"]
[WhiteElo "1500"]
[BlackElo "2318"]
[PlyCount "132"]
[EventDate "2010.07.06"]
[EventType "swiss"]
[EventRounds "7"]
[EventCountry "CAN"]
[SourceTitle "EXT 2012"]
[Source "ChessBase"]
[SourceDate "2011.11.24"]
[SourceVersion "1"]
[SourceVersionDate "2011.11.24"]
[SourceQuality "1"]

1. e4 c5 2. Nf3 d6 3. d4 cxd4 4. Nxd4 Nf6 5. Nc3 g6 6. f4 Nc6 7. Nxc6 bxc6 8. e5 Nd7 9. exd6 exd6 10. Be3 Qe7 11. Qd2 Bg7 12. 0-0-0 0-0 13. Bd4 d5 14. Bxg7 Kxg7 15. g3 Nf6 16. Bg2 Be6 17. Rhe1 Qb4 18. Ne2 Qxd2+ 19. Rxd2 c5 20. c4 Rad8 21. cxd5 Bxd5 22. Red1 Rde8 23. Bxd5 Nxd5 24. Rxd5 Rxe2 25. R1d2 Re1+ 26. Kc2 Rc8 27. Rd7 a6 28. R7d6 c4 29. Rxa6 Re3 30. Kd1 c3 31. bxc3 Rexc3 32. Ra7 Rc1+ 33. Ke2 R8c2 34. a4 Rxd2+ 35. Kxd2 Rh1 36. a5 Rxh2+ 37. Ke3 Ra2 38. a6 Ra3+ 39. Kf2 h5 40. Ra8 Kf6 41. Ra7 Ke6 42. Kg2 f6 43. Ra8 Kf5 44. Kh3 Ra1 45. a7 Ra2 46. Rb8 Rxa7 47. Rb5+ Ke6 48. g4 Ra3+ 49. Kh4 hxg4 50. Kxg4 f5+ 51. Kg5 Rg3+ 52. Kh6 Rg4 53. Rb4 Kd5 54. Ra4 Kc5 55. Ra6 Kd4 56. Rxg6 Ke4 57. Ra6 Kxf4 58. Ra4+ Kg3 59. Ra3+ Kh4 60. Ra1 Rg3 61. Rh1+ Kg4 62. Rf1 f4 63. Kg6 f3 64. Kf6 Kf4 65. Re1 f2 66. Re5 Rg6+ 0-1

[Event "CAN-ch U10"]
[Site "Quebec"]
[Date "2008.07.16"]
[Round "6"]
[White "Graif, William"]
[Black "Yang, Bryant"]
[Result "1-0"]
[WhiteElo "1050"]
[BlackElo "1348"]
[PlyCount "105"]
[EventDate "2008.07.14"]
[EventType "swiss"]
[EventRounds "7"]
[EventCountry "CAN"]
[SourceTitle "EXT 2011"]
[Source "ChessBase"]
[SourceDate "2010.11.26"]
[SourceVersion "1"]
[SourceVersionDate "2010.11.26"]
[SourceQuality "1"]

1. e4 e5 2. Nf3 Nc6 3. d4 exd4 4. Nxd4 Nxd4 5. Qxd4 b6 6. Nc3 Bb7 7. Bc4 Nf6 8. e5 Ng8 9. Qg4 Qe7 10. f4 Nh6 11. Qe2 g6 12. 0-0 Bg7 13. Bd2 0-0-0 14. Ba6 Rhf8 15. Bxb7+ Kxb7 16. a4 f6 17. a5 Ra8 18. axb6 axb6 19. Qf3+ c6 20. Be3 Qe6 21. exf6 Bxf6 22. Na4 Ra6 23. Bxb6 Rxa4 24. Rxa4 Kxb6 25. Qa3 Qe7 26. Rb4+ Kc7 27. Qa7+ Kd6 28. Rd1+ Ke6 29. Re4+ Kf7 30. Rxd7 Re8 31. Qa2+ Kf8 32. Rexe7 Rxe7 33. Rxe7 Kxe7 34. c4 Ng4 35. Qa7+ Ke6 36. b4 h6 37. h3 Ne5 38. fxe5 Bxe5 39. b5 cxb5 40. cxb5 g5 41. b6 Bd4+ 42. Kf1 h5 43. Qa6 Bxb6 44. Qxb6+ Kf5 45. Kf2 g4 46. h4 Kf4 47. Qc5 Ke4 48. Ke2 Kf4 49. Qxh5 Kg3 50. Qg5 Kh2 51. Kf2 g3+ 52. Qxg3+ Kh1 53. Qh3# 1-0

[Event "CAN-ch U10"]
[Site "Quebec"]
[Date "2008.07.15"]
[Round "3"]
[White "Doknjas, John"]
[Black "Yang, Bryant"]
[Result "1/2-1/2"]
[WhiteElo "1615"]
[BlackElo "1348"]
[PlyCount "71"]
[EventDate "2008.07.14"]
[EventType "swiss"]
[EventRounds "7"]
[EventCountry "CAN"]
[SourceTitle "EXT 2011"]
[Source "ChessBase"]
[SourceDate "2010.11.26"]
[SourceVersion "1"]
[SourceVersionDate "2010.11.26"]
[SourceQuality "1"]

1. d4 d5 2. c4 dxc4 3. e3 Nf6 4. Bxc4 e6 5. Nc3 c5 6. Nf3 Nc6 7. 0-0 a6 8. a4 b6 9. d5 exd5 10. Nxd5 Nxd5 11. Bxd5 Bb7 12. Qb3 Be7 13. Bxf7+ Kf8 14. Rd1 Qc7 15. Bh5 g6 16. Bg4 Rd8 17. Bd2 Bf6 18. Bc3 Bxc3 19. Qxc3 Qg7 20. Rxd8+ Nxd8 21. Rd1 Nf7 22. Qxg7+ Kxg7 23. Rd7 Bc8 24. Re7 Bxg4 25. Ne5 Kf6 26. Nxf7 Kxe7 27. Nxh8 Be6 28. f4 Kf8 29. h3 Kg7 30. Nxg6 hxg6 31. g4 b5 32. axb5 axb5 33. Kf2 Kf6 34. e4 c4 35. Ke3 b4 36. Kd4 1/2-1/2

[Event "CAN-ch U10"]
[Site "Ottawa"]
[Date "2007.07.04"]
[Round "3"]
[White "Yang, Bryant"]
[Black "Dumais, Remi"]
[Result "1-0"]
[WhiteElo "1008"]
[BlackElo "944"]
[PlyCount "97"]
[EventDate "2007.07.03"]
[EventType "swiss"]
[EventRounds "7"]
[EventCountry "CAN"]
[SourceTitle "EXT 2022"]
[Source "ChessBase"]
[SourceDate "2021.10.06"]
[SourceVersion "1"]
[SourceVersionDate "2021.10.06"]
[SourceQuality "1"]

1. e4 e5 2. Nf3 Nc6 3. Bb5 a6 4. Ba4 Nf6 5. d3 Bc5 6. 0-0 0-0 7. Qe2 d6 8. Be3 Bb4 9. c3 Bc5 10. Nbd2 Bxe3 11. Qxe3 Ng4 12. Qg5 Ne7 13. h3 Ne3 14. Qxe3 d5 15. Nxe5 Qd6 16. Nef3 Ng6 17. e5 Nxe5 18. Qxe5 Qd8 19. Qg5 Qd6 20. Qe5 Qd8 21. Bb3 c6 22. Rfe1 d4 23. Qxd4 Qc7 24. Qe5 Qd7 25. d4 b5 26. Qe7 Qd8 27. Qxd8 Rxd8 28. Ne5 h6 29. Nxc6 Bb7 30. Ne5 Rdc8 31. Nxf7 Kh7 32. Nd6 Rcb8 33. Nxb7 Rxb7 34. Bc2+ Kg8 35. Be4 Rbb8 36. Bxa8 Rxa8 37. c4 b4 38. a3 Rb8 39. axb4 Rxb4 40. Rxa6 Rxb2 41. Ra8+ Kh7 42. Nf3 Rb7 43. c5 Rb2 44. Rc1 Re2 45. c6 Re7 46. c7 g5 47. c8Q Re4 48. Rc6 Re7 49. Qh8# 1-0